00332nam a2200133Ia 4500008004100000020001500041041001200056082001600068100001400084245004800098260002800146300000800174650001600182221030s9999 xx 000 0 und d a8172247818 aEnglish a105.23bFis aD. Fisher 0aCommuncation in Organizationscby D. Fisher bJaico PubaMumbaic1999 a551 aBE Computer